000 00789 a2200169 4500
003 Nust
005 20170207154115.0
040 _cNust
082 _a297.124
100 _aTirmizi, Imam Abu Isa
245 _aShamail e tirmizi
_cImam Abu Isa Tirmizi
260 _aIIUI
_bDa'wah Academy
_c1994
300 _a284 P.
505 _aPhysiognomy Of The Prophet (SAW) (Page-9), Description Of Seal Of Prophethood (Page-22), Hair Of Prophet’s (SAW), (Page-28), Use Of Hair Dye (Page-40), Socks (Page-60), Manner Of Eating (Page-113), Curry (Page-143), Method Of Drinking (Page-171), Laughter (Page-182), The Chest Prayer (Page-209), The Holy Prophet’s Legacy (Page-272), Regarding Seeing The Holy Prophet In Dream (Page-275).
538 _aAlmirah No.42 and Shelf No.5
650 _aTirmizi sharif
942 _2ddc
_cBK
999 _c194024
_d194024